MARC details
| 000 -LÍDER |
| campo de controle de tamanho fixo |
01255 a2200301 4500 |
| 001 - NÚMERO DE CONTROLE |
| campo de controle |
49830 |
| 020 ## - ISBN - INTERNATIONAL STANDARD BOOK NUMBER |
| ISBN - International Standard Book Number |
9788574120027 |
| 020 ## - ISBN - INTERNATIONAL STANDARD BOOK NUMBER |
| Informação qualificadora |
(broch.) |
| 041 ## - CÓDIGO DE IDIOMA |
| Código do idioma do texto/trilha sonora ou título diferente |
por |
| 082 ## - CDD - CLASSIFICAÇÃO DECIMAL DE DEWEY |
| Número de Classificação |
028.5 |
| 040 ## - FONTE DA CATALOGAÇÃO |
| Instituição da catalogação original |
BR-BrIDEA |
| Instituição que transcreveu o registro |
BR-BrIDEA |
| 090 ## - NÚMERO DE CHAMADA LOCAL |
| Número de chamada (OCLC) (R); Número de chamada, CALL (RLIN) (NR) |
A Year 5 028 |
| Número Cutter local (OCLC); Número de classificação do livro, CALL (RLIN) |
FET |
| 100 ## - ENTRADA PRINCIPAL--NOME PESSOAL |
| Nome pessoal |
Feth, Monika |
| Datas associadas ao nome |
1951 |
| 240 10 - TÍTULO UNIFORME |
| Título uniforme |
Als die Farben verboten wurden |
| 245 10 - TÍTULO |
| Título |
Quando as cores foram proibidas |
| Indicação de responsabilidade, etc. |
Monika Feth ; ilustrações de Antoni Boratynski ; traduzido por Dieter Heidemann e Maria de Lourdes Porto |
| 260 ## - PUBLICAÇÃO, DISTRIBUIÇÃO, ETC. |
| Local de publicação, distribuição, etc. |
São Paulo |
| Nome do editor, distribuidor, etc. |
Brinque-Book |
| Data da publicação, distribuição, etc. |
1998 |
| 300 ## - DESCRIÇÃO FÍSICA |
| Extensão |
[28] p. |
| Material de acompanhamento |
28 x 21.8 x 0.2 cm |
| 520 ## - NOTA DE RESUMO, ETC |
| Resumo, etc. |
Mas o que o presidente não podia destruir era o arco-íris. Sempre que o sol brilhava depois de uma chuva, as pessoas saíam correndo das casas para procurar um arco-íris, saciavam-se com suas cores e tudo parecia ser como nos velhos tempos. Nesses momentos, esqueciam-se do presidente, dos soldados e até do medo. |
| 521 ## - NOTA DO PÚBLICO ALVO |
| Nota de público alvo |
Year 5 |
| 697 ## - ENTRADA DE ASSUNTO LOCAL--ENTIDADE COLETIVA (RLIN) |
| Nome corporativo ou nome da jurisdição |
Literatura infantojuvenil |
| 697 ## - ENTRADA DE ASSUNTO LOCAL--ENTIDADE COLETIVA (RLIN) |
| Nome corporativo ou nome da jurisdição |
Preconceito. |
| 697 ## - ENTRADA DE ASSUNTO LOCAL--ENTIDADE COLETIVA (RLIN) |
| Nome corporativo ou nome da jurisdição |
Ditadura |
| 697 ## - ENTRADA DE ASSUNTO LOCAL--ENTIDADE COLETIVA (RLIN) |
| Nome corporativo ou nome da jurisdição |
Política |
| 697 ## - ENTRADA DE ASSUNTO LOCAL--ENTIDADE COLETIVA (RLIN) |
| Nome corporativo ou nome da jurisdição |
Respeito - Diferenças. |
| 700 ## - ENTRADA ADICIONADA - NOME PESSOAL |
| Nome pessoal |
Boratynski, Antoni |
| Função do autor por extenso |
ilustrador |
| Nome pessoal |
Heidemann, Dieter |
| Função do autor por extenso |
tradutor |
| Nome pessoal |
Porto, Maria de Lourdes |
| Função do autor por extenso |
tradutor |
| 856 ## - LOCALIZAÇÃO ELETRÔNICA E ACESSO |
| Uniform Resource Identifier |
<a href="00002c/00002c65.jpg">00002c/00002c65.jpg</a> |
| 942 ## - ELEMENTOS DE ENTRADA ADICIONADOS (KOHA) |
| Tipo de material Koha |
Livros |